000 00497nam a2200157Ia 4500
008 181130s2018 xx 000 0 und d
100 _aAhmed, Habib
245 _aFinancial consumer protection regime in Malaysia:
_bassessment of the legal and regulatory framework
260 _c2018
300 _ap.159-175.
504 _dJun
650 _aConsumer protection - Malaysia
700 _aIbrahim, Ili Rahilah
773 _aJournal of Consumer Policy
906 _aConsumer protection - Malaysia
999 _c506594
_d506594